Privilegia regularium quibus aperte demonstratur regulares ab omni ordinariorum potestate exemplos esse necnon in utraque ...

Detalles Bibliográficos
Autor principal: CHASSAING, Bruno ( Fray )
Formato: Libro
Publicado: Valenci 1655
Materias:
Colección:Banco de datos
Acervo:Biblioteca del Museo Regional de Querétaro. INAH. Querétaro
Tema general:Derecho Eclesiástico
Notas:Buena. 2J8, 3
LEADER 00733nam a22001930004500
035 |a 28339 
036 |a 2048 
100 1 |a CHASSAING, Bruno ( Fray ) 
245 1 0 |a Privilegia regularium quibus aperte demonstratur regulares ab omni ordinariorum potestate exemplos esse necnon in utraque ... 
260 |a Valenci  |b Luis Muguet  |c 1655 
500 |a Buena. 2J8, 3 
650 1 0 |a Derecho Eclesiástico 
949 |a C.R.Q. 
959 |a Ex convento Grande de San Francisco de la ciudad de Querétaro, Museo Regional de Querétaro  |b CCC2 
960 |a Colección General, Querétaro  |b DD80 
961 |a Varias Ordenes Religiosas  |b VO 
942 |c C.R.Q. 
943 |g Biblioteca del Museo Regional de Querétaro. INAH. Querétaro 
999 |c 984655  |d 984655